Responses for Show #804 - Thursday, February 18, 1988

1988 Teen Tournament final game 1.

Contestants

[<< previous game]

David Javerbaum, a junior from Maplewood, New Jersey

David Graham, a senior from Avon, Connecticut

Michael Block, a senior from Staten Island, New York

[next game >>]

Jeopardy! Round responses

20TH C. AMERICANS
MUSICAL INSTRUMENTS
THE HUMAN BODY
FAIRY TALES
WEIGHTS & MEASURES
POTPOURRI
    $100 6
Elvis Presley

Michael
    $100 23
(Alex: We've got a minute to go in the round.)

thyroid

DJ
    $100 15
IQ

David
    $100 9
Monticello

DJ
    $200 7
Franklin Roosevelt

DJ
    $200 28
[The end-of-round signal sounds.]

fife

David
    $200 26
skull (cranium)

DJ
    $200 27
flies

Triple Stumper
    $200 16
acre

Michael
    $200 14
Tuesday

David
    $300 11
Navy

DJ
    $300 25
catgut

David
    $300 19
(DJ: What is the funny bone?)
[Alex looks at judges.]
(DJ: [*]?)
(Alex: We needed you to be more specific.)

the humerus

DJ
    $300 24
through the chimney

David
    $300 17
metric system

David
    $300 13
Dewey Decimal System & Library of Congress Cataloging System

Triple Stumper
    $400 3
the Wright Brothers

DJ
    $400 1
violoncello

Michael
    $400 18
(DJ: What is cough?)

hiccup

DavidDJ
    $400 20
the Emperor

Triple Stumper
    $400 22
cord

David
    $400 12
the Golden Rule

DJ
    $500 5
Jeane Kirkpatrick

Michael
    $500 2
(Michael: What is a clarinet?)

oboe

Michael
    $500 8
ligaments

David
    $500 10
They wanted to eat; get fat on the hillside

Triple Stumper
    $500 21
12

Michael
    $500 4
Goonies

Michael

Scores at the first commercial break (after clue 11):

Michael David DJ
$1,000 $500 $1,000

Scores at the end of the Jeopardy! Round:

Michael David DJ
$1,700 $2,700 $1,600

Double Jeopardy! Round responses

ANCIENT HISTORY
U.S. GEOGRAPHY
LITERATURE
PATRON SAINTS
PROVERBS
"D" IN SCIENCE
    $200 29
[end-of-round signal sounds]

Alexander the Great

Michael
    $200 22
glaciers

David
    $200 16
(DJ: Who is the Little Blue Boy?)

Tom Sawyer

MichaelDJ
    $200 19
gain

David
    $200 2
diamond

Michael
    $400 14
Buddha

DJ
    $400 20
Mississippi

Michael
    $400 15
Martians

DJ
    $400 27
astronomers

DJ
    $400 28
do it yourself

DJ
    $400 4
direct

Michael
    $600 3
papyrus

David
    $600 18
Champlain

David
    $600 12
Sir Walter Scott

Michael
    $600 17
(David: What is acting?)

television

David
Triple Stumper
    $600 21
its bark

DJ
    $600 7
dwarf

DJ
    $800 5
Sparta

DJ
    $4,000 11
Lake Erie

DJ
    $800 6
Westminster Abbey

David
    $800 25
(Alex: With a minute to go.)

miners

Michael
    $2,000 23
(David: What is or we will all hang?)

we shall all hang separately

David
    $800 9
dust

Triple Stumper
    $1000 13
(DJ: What are the Hellenic Straits?)

the Hellespont

MichaelDJ
    $1000 8
the Rockies

DJ
    $1000 1
Czechoslovakian

David
    $1000 26
(Michael: What are animals?)
(DJ: What are clergy?)
[David rang in, but was not recognized by Alex]
(Alex: I turned my head down just as David rang in; it was a judgment call & I hope it doesn't affect the outcome of the match.)

journalists

MichaelDJ
Triple Stumper
    $1000 24
when the sun shines

David
    $1000 10
Doppler Effect

DJ

Scores at the end of the Double Jeopardy! Round:

Michael David DJ
$4,500 $4,500 $9,000

Final Jeopardy! Round responses

THE NORTH & THE SOUTH
MichaelWhat is South Carolina?
$2,000
DavidWhat is [Louisiana] Ark?
$1,000
DJWhat is Louisiana?
$1,000
South Carolina

Final scores:

Michael David DJ
$6,500 $3,500 $8,000

Game dynamics:

Coryat scores:

Michael David DJ
$5,000 $6,500 $5,800
14 R,
2 W
(including 1 DD)
16 R,
2 W
(including 1 DD)
18 R
(including 1 DD),
4 W

Combined Coryat: $17,300

[game clues] [game scores] [suggest correction]

Game tape date: 1988-01-05
The J! Archive is created by fans, for fans. Scraping, republication, monetization, and malicious use prohibited; this site may use cookies and collect identifying information. See terms. The Jeopardy! game show and all elements thereof, including but not limited to copyright and trademark thereto, are the property of Jeopardy Productions, Inc. and are protected under law. This website is not affiliated with, sponsored by, or operated by Jeopardy Productions, Inc. Join the discussion at JBoard.tv.